000 00649nam a2200193 a 4500
003 AM-YeHGA
040 _aAM-YeHGA
090 _c445171
005 20250617155933.0
008 190621s2019 ai ||||fr|||||00||0|arm||
020 _a9789939019802
041 0 _aarm
100 1 _aԿոնդրաջյան, Անահիտ
245 1 0 _aԵս - դու ներկապնակ ; Իմ գործը ։
_b[Բանաստեղծություններ] /
_cԱ․ Կոնդրաջյան․
260 _aԵրևան ։
_bՀեղինակային հրատարակություն,
_c2019․
300 _a148 էջ ;
_c20 սմ․
650 1 4 _aՀայ պոեզիա
942 _2udc
_cBK
999 _c442381
_d442381